| 000 | 00518 a2200181 4500 | ||
|---|---|---|---|
| 003 | OSt | ||
| 005 | 20230915103156.0 | ||
| 008 | 230908b |||||||| |||| 00| 0 eng d | ||
| 020 | _a9789354660177 | ||
| 040 | _coclc | ||
| 082 |
_a302.2 _bHAS/M |
||
| 100 |
_aHasan, Seema _99456 |
||
| 245 |
_aMASS COMMUNICATION PRINCIPLES AND CONCEPTS / _cSeema Hasan |
||
| 250 | _a4th ed. | ||
| 260 |
_aNew Delhi: _bCBS Publishers, _c2022. |
||
| 300 | _a860 p | ||
| 942 |
_2ddc _cBK _h302.2 _iHAS/M _k302.2 _mHAS/M |
||
| 999 |
_c42163 _d42163 |
||